ENTERPRENEURESHIP DEVELOPMENT AND BUSINESS COMMUNIATION (Record no. 8051)

MARC details
000 -LEADER
fixed length control field 00481nam a22001817a 4500
005 - DATE AND TIME OF LATEST TRANSACTION
control field 20230109094943.0
008 - FIXED-LENGTH DATA ELEMENTS--GENERAL INFORMATION
fixed length control field 221216b |||||||| |||| 00| 0 eng d
020 ## - INTERNATIONAL STANDARD BOOK NUMBER
ISBN 978-93-89987-80-5
041 ## - LANGUAGE CODE
Language code of text/sound track or separate title eng
082 ## - DEWEY DECIMAL CLASSIFICATION NUMBER
Classification number 658.42 -MON-E
100 ## - MAIN ENTRY--AUTHOR NAME
Personal name MONDAL ,SAGAR
245 ## - TITLE STATEMENT
Title ENTERPRENEURESHIP DEVELOPMENT AND BUSINESS COMMUNIATION
250 ## - EDITION STATEMENT
Edition statement 2nd ed.
260 ## - PUBLICATION, DISTRIBUTION, ETC. (IMPRINT)
Place of publication LUDHIANA
Name of publisher KALYANI PUBLISHERS
Year of publication 2022
300 ## - PHYSICAL DESCRIPTION
Number of Pages 180;P.
650 ## - SUBJECT ADDED ENTRY--TOPICAL TERM
Topical Term AGRICULTURE
942 ## - ADDED ENTRY ELEMENTS (KOHA)
Koha item type Books
Holdings
Lost status Damaged status Collection code Home library Current library Shelving location Date acquired Source of acquisition Cost, normal purchase price Full call number Accession Number Koha item type
    Reference JRU Library JRU Library SHELF-2-B 18/12/2022 LOHIA BOOK INTERNATIONAL 225.00 658.42 -MON-E 26885 Books
    AGRICULTURE JRU Library JRU Library SHELF-15-G 18/12/2022 LOHIA BOOK INTERNATIONAL 225.00 658.42 -MON-E 26886 Books
    AGRICULTURE JRU Library JRU Library SHELF-45-J 18/12/2022 LOHIA BOOK INTERNATIONAL 225.00 658.42 -MON-E 26887 Books
    AGRICULTURE JRU Library JRU Library SHELF-45-J 18/12/2022 LOHIA BOOK INTERNATIONAL 225.00 658.42 -MON-E 26888 Books
    AGRICULTURE JRU Library JRU Library SHELF-15-G 18/12/2022 LOHIA BOOK INTERNATIONAL 225.00 658.42 -MON-E 26889 Books